LIBRARY & INFORMATION CENTRE, KCAET, TAVANUR

ONLINE PUBLIC ACCESS CATALOGUE (OPAC)

Studies on development of coconut chips (Record no. 14973)

MARC details
000 -LEADER
fixed length control field 00634nam a22001817a 4500
003 - CONTROL NUMBER IDENTIFIER
control field OSt
088 ## - REPORT NUMBER
Report number P 183
100 ## - MAIN ENTRY--AUTHOR NAME
Personal name BHAVYA E.P
-- GOVIND RAMACHANDRAN NAIR
-- SOUMYA MOHAN
245 ## - TITLE STATEMENT
Title Studies on development of coconut chips
260 ## - PUBLICATION, DISTRIBUTION, ETC. (IMPRINT)
Place of publication Tavanur 2008
Name of publisher Department of Post-Harvest Technology and Agricultural Processing
300 ## - PHYSICAL DESCRIPTION
Number of Pages 59
500 ## - GENERAL NOTE
General note Studies on development of coconut chips
520 ## - SUMMARY, ETC.
Summary, etc Studies on development of coconut chips
700 ## - ADDED ENTRY--PERSONAL NAME
Personal name Dr. Santhi Mary Mathew (Guide)
856 ## - ELECTRONIC LOCATION AND ACCESS
Uniform Resource Identifier https://drive.google.com/open?id=1XbqcI_IV3-s__3V-sTGuvPuRICN7xX5A
942 ## - ADDED ENTRY ELEMENTS (KOHA)
Koha item type Project Report
Holdings
Collection code Home library Current library Shelving location Full call number Accession Number Koha item type
Reference KAUAET KAUAET Reference 631.56 BHA/ST P 183 Project Report
free website counter